000 00515cam a2200217 4500
008 090401t1986 xxu||||| |||| 00| 0 eng d
020 _a0080326803
035 _a(Sirsi) u43887
041 _aeng
050 _a808.066
100 _aBerry, Ralph
245 _aHow to write a research paper
250 _a2nd ed.
260 _aOxford
_bPergamon Press
_c1986
300 _av,116p. ; 23cm.
350 _a5.5
650 _aREPORT WRITING
650 _aRESEARCH REPORTS
942 _n0
948 _c04/03/1997
999 _c91400
_d91400